| 000 | 00578nam a22001697a 4500 | ||
|---|---|---|---|
| 999 |
_c14159 _d14159 |
||
| 008 | 160927b xxu||||| |||| 00| 0 eng d | ||
| 020 | _a0721688624 | ||
| 050 | _aRB 40 .F84 1987 | ||
| 100 | _aEdited by Tietz, Norbert W. | ||
| 245 |
_aFundamental of Clinical Chemistry/ _cTietz, Norbert W. |
||
| 260 |
_aPhiladelphia ; London : _bW.B. Saunders, _c1987. |
||
| 300 |
_axxviii, 1010p. : _bill. ; _c27cm. |
||
| 500 | _aIncludes bibliographical references and index. | ||
| 650 | _aChemistry, clinical | ||
| 700 | _aTietz, Norbert W. | ||
| 942 |
_2lcc _cBOOKS _hRB 40 .F84 1987 |
||